[Event "Helsinki-ch Group"]
[Site "Helsinki"]
[Date "2009.??.??"]
[Round "9"]
[White "Sofiev, Alexey"]
[Black "Rehn, Ralf"]
[Result "1-0"]
[WhiteElo "2126"]
[BlackElo "2166"]
[PlyCount "91"]
[EventDate "2009.??.??"]
[EventType "tourn"]
[EventRounds "9"]
[EventCountry "FIN"]
[SourceTitle "EXT 2011"]
[Source "ChessBase"]
[SourceDate "2010.11.26"]
[SourceVersion "1"]
[SourceVersionDate "2010.11.26"]
[SourceQuality "1"]

1. e4 d6 2. d4 Nf6 3. Bd3 Nc6 4. c3 e5 5. Ne2 d5 6. Bg5 Be7 7. Bxf6 Bxf6 8. dxe5 Nxe5 9. 0-0 c6 10. exd5 Qxd5 11. Nf4 Qd8 12. Re1 0-0 13. Na3 Nxd3 14. Qxd3 Qxd3 15. Nxd3 Bf5 16. Rad1 Be6 17. Nc1 Rfd8 18. Nc2 c5 19. f3 Rxd1 20. Rxd1 Rd8 21. Rxd8+ Bxd8 22. Kf2 b5 23. Ke2 Kf8 24. a3 Bc4+ 25. Nd3 Be7 26. Ne3 Be6 27. g3 g5 28. g4 Bd6 29. h3 Ke7 30. Nf2 f6 31. Ne4 a5 32. Kd3 c4+ 33. Kd4 Be5+ 34. Kc5 Bd7 35. Nf5+ Ke6 36. Nd4+ Bxd4+ 37. cxd4 Be8 38. Nd6 Bg6 39. Nxb5 Bd3 40. Kc6 f5 41. d5+ Ke5 42. d6 fxg4 43. hxg4 Be2 44. d7 Bxf3+ 45. Kc5 Bxg4 46. d8Q 1-0

[Event "Helsinki Pirttimaki Memorial-A 4th"]
[Site "Helsinki"]
[Date "2009.??.??"]
[Round "3"]
[White "Sofiev, Alexey"]
[Black "Tocklin, Tomi"]
[Result "1-0"]
[WhiteElo "2126"]
[BlackElo "1948"]
[PlyCount "33"]
[EventDate "2009.??.??"]
[EventType "swiss"]
[EventRounds "7"]
[EventCountry "FIN"]
[SourceTitle "EXT 2011"]
[Source "ChessBase"]
[SourceDate "2010.11.26"]
[SourceVersion "1"]
[SourceVersionDate "2010.11.26"]
[SourceQuality "1"]

1. e4 c6 2. d4 d5 3. exd5 cxd5 4. Bd3 Nc6 5. c3 Nf6 6. Bf4 Bg4 7. f3 Bh5 8. Na3 e6 9. Nc2 Be7 10. Ne2 0-0 11. g4 Bg6 12. h4 Nd7 13. Bg3 e5 14. Bb5 exd4 15. Bxc6 bxc6 16. Ncxd4 Qb6 17. h5 1-0

[Event "Helsinki-ch 2009 Group M"]
[Site "Helsinki"]
[Date "2008.12.??"]
[Round "3"]
[White "Luukkonen, Tommi"]
[Black "Sofiev, Alexey"]
[Result "1-0"]
[WhiteElo "2238"]
[BlackElo "2151"]
[PlyCount "61"]
[EventDate "2008.12.27"]
[EventType "swiss"]
[EventRounds "3"]
[EventCountry "FIN"]
[SourceTitle "EXT 2022"]
[Source "ChessBase"]
[SourceDate "2021.10.06"]
[SourceVersion "1"]
[SourceVersionDate "2021.10.06"]
[SourceQuality "1"]

1. d4 c5 2. d5 e5 3. c4 d6 4. Nc3 f5 5. e4 Nf6 6. exf5 Bxf5 7. Bd3 Qd7 8. Bxf5 Qxf5 9. Nf3 Be7 10. Qb3 0-0 11. Qxb7 Nbd7 12. 0-0 Rab8 13. Qa6 e4 14. Ng5 Ne5 15. f4 exf3 16. Qxa7 Nfg4 17. Qxe7 Rbe8 18. Qxd6 Qc2 19. Nxf3 Nxf3+ 20. gxf3 Re1 21. Bd2 Rxa1 22. Rxa1 Qxd2 23. Qe6+ Kh8 24. Qxg4 Qxb2 25. Rd1 Qxc3 26. Qe4 Kg8 27. d6 Qf6 28. d7 Qg5+ 29. Kh1 Qd8 30. Qd5+ Rf7 31. a4 1-0

[Event "Helsinki-ch 2009 Group M"]
[Site "Helsinki"]
[Date "2008.12.??"]
[Round "1"]
[White "Pudas, Teemu"]
[Black "Sofiev, Alexey"]
[Result "1-0"]
[WhiteElo "2202"]
[BlackElo "2151"]
[PlyCount "75"]
[EventDate "2008.12.27"]
[EventType "swiss"]
[EventRounds "3"]
[EventCountry "FIN"]
[SourceTitle "EXT 2022"]
[Source "ChessBase"]
[SourceDate "2021.10.06"]
[SourceVersion "1"]
[SourceVersionDate "2021.10.06"]
[SourceQuality "1"]

1. e4 c5 2. c3 d5 3. exd5 Qxd5 4. d4 Bf5 5. Nf3 Nd7 6. c4 Qe4+ 7. Be3 e6 8. d5 exd5 9. Nc3 Qc2 10. Qxc2 Bxc2 11. cxd5 Ngf6 12. Rc1 Bg6 13. g3 a6 14. Bg2 Bd6 15. 0-0 0-0 16. Nd2 Ne5 17. Na4 Nd3 18. Rc3 Be5 19. Rb3 b5 20. Nxc5 Nxc5 21. Bxc5 Rfc8 22. d6 Rxc5 23. Bxa8 Bxd6 24. Rc3 Rxc3 25. bxc3 Kf8 26. Re1 Ba3 27. Ne4 Bb2 28. Nxf6 gxf6 29. Bb7 a5 30. Bc6 Bd3 31. Re8+ Kg7 32. Bxb5 Bxb5 33. Rb8 Bxc3 34. Rxb5 Kg6 35. g4 a4 36. a3 Bd2 37. Rb1 Kg5 38. h3 1-0

[Event "Helsinki-chA 0708"]
[Site "Helsinki"]
[Date "2008.01.01"]
[Round "6"]
[White "Tuovinen, Jukka"]
[Black "Sofiev, Alexey"]
[Result "1-0"]
[WhiteElo "2108"]
[BlackElo "2151"]
[PlyCount "67"]
[EventDate "2007.12.27"]
[EventType "tourn"]
[EventRounds "9"]
[EventCountry "FIN"]
[SourceTitle "EXT 2009"]
[Source "ChessBase"]
[SourceDate "2008.11.26"]
[SourceVersion "1"]
[SourceVersionDate "2008.11.26"]
[SourceQuality "1"]

1. e4 e6 2. d4 d5 3. Nd2 Nf6 4. e5 Nfd7 5. Bd3 c5 6. c3 Nc6 7. Ne2 cxd4 8. cxd4 f6 9. exf6 Nxf6 10. 0-0 Bd6 11. Nf3 0-0 12. Bf4 Ng4 13. Bxd6 Qxd6 14. Ng3 e5 15. Nxe5 Ngxe5 16. dxe5 Qh6 17. h3 Nxe5 18. Bf5 Qd6 19. Ne4 Qd8 20. Bxc8 Rxc8 21. Qb3 Rc4 22. Nd2 Rd4 23. Qe3 Rd3 24. Qxe5 Rxd2 25. Rad1 Rfxf2 26. Rxd2 Rxd2 27. Qf4 Qb6+ 28. Kh1 Qf6 29. Qb8+ Kf7 30. Rxf6+ gxf6 31. Qxb7+ Ke6 32. a4 Ke5 33. a5 d4 34. Qxa7 1-0

[Event "Helsinki We HSK 8th"]
[Site "Helsinki"]
[Date "2008.??.??"]
[Round "1"]
[White "Haanpaa, Jorma"]
[Black "Sofiev, Alexey"]
[Result "1/2-1/2"]
[WhiteElo "2093"]
[BlackElo "2151"]
[PlyCount "105"]
[EventDate "2008.??.??"]
[EventType "swiss"]
[EventRounds "5"]
[EventCountry "FIN"]
[SourceTitle "EXT 2022"]
[Source "ChessBase"]
[SourceDate "2021.10.06"]
[SourceVersion "1"]
[SourceVersionDate "2021.10.06"]
[SourceQuality "1"]

1. e4 e6 2. d4 d5 3. Nc3 Nf6 4. Bd3 c5 5. Nf3 Nc6 6. exd5 exd5 7. 0-0 cxd4 8. Nb5 Bg4 9. Qe1+ Be7 10. Nbxd4 0-0 11. h3 Bh5 12. Nxc6 bxc6 13. Nd4 Rc8 14. Nf5 Re8 15. Nxe7+ Rxe7 16. Qb4 Be2 17. Bxe2 Rxe2 18. Qb3 Qb6 19. Qd3 Rce8 20. Qf5 Ne4 21. Be3 Rxe3 22. fxe3 Qxe3+ 23. Kh2 Qg3+ 24. Kg1 Qc7 25. Rae1 Qb6+ 26. Kh2 Rf8 27. b3 g6 28. Qe5 f6 29. Qe6+ Kg7 30. Rxe4 dxe4 31. Qxe4 Rf7 32. c4 a5 33. Qc2 a4 34. Qc3 axb3 35. axb3 c5 36. Rf3 Qd6+ 37. Kg1 Rd7 38. Rf1 Kf7 39. Qe3 Re7 40. Qf3 Qd4+ 41. Kh1 Rd7 42. Re1 Ra7 43. Qc6 Ra1 44. Qb7+ Kg8 45. Rxa1 Qxa1+ 46. Kh2 Qe5+ 47. Kh1 h5 48. Qc8+ Kg7 49. Qd7+ Kh6 50. Qd2+ Qg5 51. Qd6 Qf5 52. h4 Qe5 53. Qf8+ 1/2-1/2

[Event "Helsinki We HSL 03 op"]
[Site "Helsinki"]
[Date "2008.??.??"]
[Round "3"]
[White "Kosmo, Santul"]
[Black "Sofiev, Alexey"]
[Result "1-0"]
[WhiteElo "2256"]
[BlackElo "2162"]
[PlyCount "58"]
[EventDate "2008.03.??"]
[EventType "swiss"]
[EventRounds "7"]
[EventCountry "FIN"]
[SourceTitle "EXT 2010"]
[Source "ChessBase"]
[SourceDate "2010.11.25"]
[SourceVersion "1"]
[SourceVersionDate "2010.11.25"]
[SourceQuality "1"]

1. e4 e6 2. d4 d5 3. Nd2 Nf6 4. e5 Nfd7 5. Bd3 c5 6. c3 Nc6 7. Ngf3 Qb6 8. 0-0 cxd4 9. cxd4 Nxd4 10. Nxd4 Qxd4 11. Nf3 Qb6 12. Qa4 Qb4 13. Qc2 g6 14. Bd2 Qb6 15. Qa4 a6 16. Rac1 Qxb2 17. Rc3 b5 18. Qa5 Bb4 19. Rxc8+ Rxc8 20. Bxb4 Nb8 21. a3 Rc6 22. a4 bxa4 23. Qxa4 f6 24. Rb1 Qxb1+ 25. Bxb1 Kf7 26. Bd3 Rc1+ 27. Bf1 Rhc8 28. exf6 Rb1 29. Be7 Rcc1 1-0

[Event "Helsinki We HSL 03 op"]
[Site "Helsinki"]
[Date "2008.??.??"]
[Round "4"]
[White "Rehn, Ralf"]
[Black "Sofiev, Alexey"]
[Result "1/2-1/2"]
[WhiteElo "2185"]
[BlackElo "2162"]
[PlyCount "135"]
[EventDate "2008.03.??"]
[EventType "swiss"]
[EventRounds "7"]
[EventCountry "FIN"]
[SourceTitle "EXT 2010"]
[Source "ChessBase"]
[SourceDate "2010.11.25"]
[SourceVersion "1"]
[SourceVersionDate "2010.11.25"]
[SourceQuality "1"]

1. b3 d5 2. Bb2 c5 3. Nf3 Nc6 4. g3 f6 5. d4 cxd4 6. Nxd4 e5 7. Nxc6 bxc6 8. e4 Be6 9. Nd2 Bc5 10. Bd3 Nh6 11. exd5 cxd5 12. Qe2 Qb6 13. h3 0-0 14. c4 Nf7 15. cxd5 Bxd5 16. Be4 Rad8 17. Bxd5 Rxd5 18. 0-0 Ng5 19. Nf3 Nxh3+ 20. Kg2 Qe6 21. Bc1 e4 22. Nd2 Ng5 23. Rh1 e3 24. fxe3 Bxe3 25. Nf3 Nxf3 26. Qxe3 Qxe3 27. Bxe3 Nd4 28. Bf2 Re8 29. Rhd1 Red8 30. Rac1 a6 31. Rc7 Nb5 32. Rxd5 Rxd5 33. Rc8+ Kf7 34. a4 Nd6 35. Rc7+ Kg6 36. Rd7 Rd2 37. b4 Ne4 38. Rxd2 Nxd2 39. b5 axb5 40. a5 b4 41. a6 b3 42. Bd4 Nc4 43. a7 Nb6 44. Bxb6 b2 45. a8Q b1Q 46. Qe8+ Kh6 47. Be3+ g5 48. Qf8+ Kg6 49. Qg8+ Kh6 50. Qe6 Qb7+ 51. Kf2 Kg7 52. Bd4 Qf7 53. Qf5 Qg6 54. g4 h6 55. Kf3 Qf7 56. Ke4 Qb7+ 57. Kd3 Qb3+ 58. Bc3 Qf7 59. Kd4 Qa7+ 60. Kc4 Qf7+ 61. Kd3 Qe7 62. Bd4 Qf7 63. Bc5 Qb3+ 64. Kd4 Qb7 65. Qe6 Qb2+ 66. Kd5 Qb5 67. Kd4 Qb2+ 68. Kd5 1/2-1/2